| 000 | 00360nam a2200157Ia 4500 | ||
|---|---|---|---|
| 008 | 200103s9999||||xx |||||||||||||| ||und|| | ||
| 020 | _a9781906915100 | ||
| 040 | _aIMU-MPC | ||
| 082 | _aColumn-4 | ||
| 100 | _aIsbester, J. | ||
| 245 | 0 | _aBulk carrier practice | |
| 250 | _a2nd ed. | ||
| 260 |
_bThe Nautical Institute _c2008 |
||
| 300 | _a512 | ||
| 942 | _cBK | ||
| 999 |
_c3174 _d3174 |
||